000 00731cab a2200253 4500
001 ABS55131
008 090401t1996 xxu||||| |||| 00| 0 eng d
035 _a(Sirsi) u14419
041 _aeng
100 _aSharpe, G.
245 _aMud, glorious mud!
260 _c1996
350 _a0
490 _aConstruction Manager
_v2(5) May 1996, 19-20(2)
520 _aLooks at clay lump construction, a historic method of building in unbaked earth found in East Anglia.
650 _aBUILDING CONSERVATION
650 _aCLAY LUMP CONSTRUCTION
650 _aCLAY LUMP
650 _aEAST ANGLIA
650 _aHISTORIC BUILDING METHODS
690 _aBUILT ENVIRONMENT-BUILDING INSPECTION
942 _n0
948 _c04/03/1997
999 _c9393
_d9393